000 00348 a2200133 4500
001 84302
020 _a9780753708156
082 _a808.813 STE
090 _c40065
_d40064
100 _aPeter Stevenson
245 _aHumpty and Friends : A collection of Favourite Nursery Rhymes
260 _aLondon
_bOctopus Publisher
_c2004
300 _a127p.
942 _acaenust
_k808.813 STE
999 _c319375
_d319375